Visualizzazione normale
Vista MARC
- Vidal, Senén,
di Personal Name
Records bibliografici associati: 1
001 - CONTROL NUMBER
- control field: 56749
003 - CONTROL NUMBER IDENTIFIER
- control field:
005 - DATE AND TIME OF LATEST TRANSACTION
- control field: 20180120115531.0
008 - FIXED-LENGTH DATA ELEMENTS
- fixed length control field: 180120|| aca||aabn | a|a d
040 ## - CATALOGING SOURCE
- Original cataloging agency:
- Transcribing agency:
100 ## - HEADING--PERSONAL NAME
- Personal name: Vidal, Senén,
- Dates associated with a name: 1941-2016.
670 ## - SOURCE DATA FOUND
- Source citation: Work cat.: ()0: Vidal, Senén, 1941-2016., La resurrezione di Gesù nelle lettere di Paolo :, 1985.